| 000 | 00560nam a2200181 i 4500 | ||
|---|---|---|---|
| 001 | 103746 | ||
| 003 | ES-MaACL | ||
| 005 | 20250801034159.0 | ||
| 007 | t| | ||
| 008 | 051117s1976 sp ||||1| spa d | ||
| 100 | 1 |
_aMerino, José Antonio. _980520 |
|
| 245 | 1 | 0 |
_aPresencia y ausencia de Dios / _cdirección y presentación José Antonio Merino; J. Uscatescu... [et al.]. |
| 260 |
_aMadrid : _bCisneros, _c1976. |
||
| 300 |
_a255 p. ; _c22 cm. |
||
| 650 | 1 | 7 |
_aCristianismo _2embne _911425 |
| 852 |
_aES-MaACL _jA-6071 _bR.95105 |
||
| 999 |
_c103746 _d103746 |
||